LEADER 01856nam 2200373 n 450 001 996390429203316 005 20200824121447.0 035 $a(CKB)4940000000100626 035 $a(EEBO)2240947536 035 $a(UnM)99833717e 035 $a(UnM)99833717 035 $a(EXLCZ)994940000000100626 100 $a19960206d1664 uy | 101 0 $aeng 135 $aurbn||||a|bb| 200 14$aThe last discourse of the Right Honble the Lord Warestoune, as he delivered it upon the scafford at the Mercat-Cross of Edinburgh, July 22. 1663. being immediately before his death$b[electronic resource] $eWhereunto is added a short narration of his carriage during the time of his imprisonment, but more especially at his death: all which is very comfortable and refreshing to all those that take pleasure in the dust of Zion, and favour the stones of our Lord's broken-down building amongst us. By a Favourer of the Covenant and work of reformation 210 $a[Edinburgh? $cs.n.]$dPrinted in the year, 1664 215 $a18, [2] p 300 $aBy Archibald Johnson, Lord Warriston. 300 $aPlace of publication conjectured by Wing. 300 $aWith errata at the foot of C2v. 300 $aImperfect; pages stained slightly affecting legibility. 300 $aReproduction of the original in the Harvard University Library. 330 $aeebo-0062 606 $aLast words$vEarly works to 1800 615 0$aLast words 700 $aWarriston$b Archibald Johnston$cLord,$f1611-1663.$01001116 801 0$bCu-RivES 801 1$bCu-RivES 801 2$bWaOLN 906 $aBOOK 912 $a996390429203316 996 $aThe last discourse of the Right Honble the Lord Warestoune, as he delivered it upon the scafford at the Mercat-Cross of Edinburgh, July 22. 1663. being immediately before his death$92387297 997 $aUNISA